[Event "Titled Tue 3rd Jun Early"]
[Site "chess.com INT"]
[Date "2025.06.03"]
[Round "8"]
[White "Demin, Vladimir"]
[Black "Antoniou, Rafail"]
[Result "1/2-1/2"]
[WhiteTitle "IM"]
[BlackTitle "CM"]
[WhiteElo "2430"]
[BlackElo "2134"]
[WhiteFideId "4167457"]
[BlackFideId "5904390"]
[EventDate "2025.06.03"]

1. e4 c5 2. Nf3 e6 3. c3 Nf6 4. e5 Nd5 5. d4 cxd4 6. cxd4 d6 7. Bc4 dxe5 8. dxe5
Be7 9. O-O O-O 10. Qe2 Bd7 11. Rd1 Bc6 12. Bd2 Nd7 13. Nc3 Nxc3 14. Bxc3 Qc7 15.
Bd3 Rad8 16. Rac1 g6 17. Be4 Bxe4 18. Qxe4 Nc5 19. Qe3 Rxd1+ 20. Rxd1 Rd8 21.
Rxd8+ Qxd8 22. h4 Qd5 23. h5 Qe4 24. Qxe4 Nxe4 25. Bd4 a6 26. hxg6 hxg6 27. Kf1
Kf8 28. Ke2 Ke8 29. Kd3 Ng5 30. Nd2 Kd7 31. f4 Nh7 32. a4 Bb4 33. Nf3 Kc6 34.
Kc4 Be7 35. a5 g5 36. g3 gxf4 37. gxf4 Nf8 38. Be3 Ng6 39. Nd4+ Kd7 40. b4 Nh4
41. b5 axb5+ 42. Kxb5 Kc8 43. Bd2 Kd7 44. Kb6 Bd8+ 45. Kxb7 Bxa5 46. Bxa5 Ke7
47. Bb4+ Kd7 48. Nc6 Ng6 49. Nb8+ Ke8 50. Bd2 Ke7 51. Nc6+ Kd7 52. Kb6 Nh4 53.
Bc1 Ng6 54. Kb7 Nh4 55. Nb8+ Ke7 56. Ba3+ Ke8 57. Kc7 Ng6 58. Nd7 f5 59. exf6
Nxf4 60. Kd6 Nh5 61. Kxe6 Nxf6 62. Nxf6+ Kd8 63. Kd6 Kc8 64. Kc6 Kb8 65. Bd6+
Ka8 66. Nd7 Ka7 67. Nb6 Ka6 68. Bb8 Ka5 69. Nd5 Ka6 70. Nb4+ Ka5 71. Kc5 Ka4 72.
Be5 Kb3 73. Nd5 Ka4 74. Bc7 Kb3 75. Kd4 Ka4 76. Kc4 Ka3 77. Nc3 Kb2 78. Bf4 Kc2
79. Kd4 Kb3 80. Nd5 Ka4 81. Kc4 Ka5 82. Bd2+ Ka6 83. Be3 Kb7 84. Kc5 Ka8 85. Kc6
Kb8 86. Bg5 Ka8 87. Be7 Kb8 88. Nc7 Ka7 89. Bc5+ Kb8 90. Bd4 Kc8 91. Ba7 Kd8 92.
Nd5 Kc8 93. Ne7+ Kd8 94. Kd6 Ke8 95. Ke6 Kd8 96. Bb6+ Ke8 97. Bc7 Kf8 98. Nf5
Ke8 99. Bb6 Kf8 100. Bd4 Ke8 101. Bf6 Kf8 102. Nd6 Kg8 103. Be5 Kf8 104. Kf6 Kg8
105. Nf7 Kf8 106. Nd6 Kg8 107. Nf5 Kf8 108. Ng7 Kg8 109. Kg6 Kf8 110. Bd6+ Kg8
111. Nf5 Kh8 112. Bc5 1/2-1/2

[Event "Titled Tue 3rd Jun Early"]
[Site "chess.com INT"]
[Date "2025.06.03"]
[Round "8"]
[White "Ambartsumian, Tyhran"]
[Black "Otdelnov, Kirill"]
[Result "1/2-1/2"]
[WhiteTitle "CM"]
[BlackTitle "FM"]
[WhiteElo "2179"]
[BlackElo "2273"]
[WhiteFideId "34161112"]
[BlackFideId "24280216"]
[EventDate "2025.06.03"]

1. g3 Nf6 2. Bg2 e6 3. c4 g6 4. Nf3 Bg7 5. O-O O-O 6. d4 d5 7. Nc3 b6 8. Bf4 Bb7
9. Rc1 dxc4 10. e3 a6 11. a4 Nbd7 12. Qe2 Nd5 13. Qxc4 Nxf4 14. gxf4 c5 15. Rfd1
Qe7 16. d5 exd5 17. Nxd5 Bxd5 18. Qxd5 Ra7 19. Qb3 Qe6 20. Qxe6 fxe6 21. Ng5
Bxb2 22. Rb1 Bf6 23. Nxe6 Re8 24. Bd5 Kh8 25. e4 Rb8 26. e5 Be7 27. Bc4 Nf8 28.
Nxf8 Bxf8 29. Rb3 Bh6 30. f5 gxf5 31. Rd6 Bf4 32. Re6 Rd7 33. Kg2 Rd4 34. Bxa6
Rxa4 35. Bf1 Re4 36. Rbxb6 Rxb6 37. Rxb6 Bxe5 38. Kf3 Rf4+ 39. Kg2 Rg4+ 40. Kh1
Bd4 41. Rb8+ Kg7 42. Rb7+ Kf6 43. Rb6+ Ke5 44. Be2 Rg7 45. Bc4 Bxf2 46. h3 Bd4
47. Kh2 Be3 48. Re6+ Kd4 49. Bf1 h6 50. Rf6 Ke5 51. Ra6 Rg1 52. Bg2 Rc1 53. Bf3
Kf4 54. Bg2 Ke5 55. Bf3 c4 56. Ra5+ Kf4 57. Bh5 c3 58. Bg6 c2 59. Rxf5+ Ke4 60.
Rf1+ Ke5 61. Rxc1 Bf4+ 62. Kg2 Bxc1 63. Bxc2 Bg5 64. Bd1 Kf4 65. Bg4 Ke5 66. Bh5
Kf6 67. Bg4 Kg6 68. Bf3 h5 69. Kg3 h4+ 70. Kg4 Bf6 71. Be4+ 1/2-1/2

[Event "Titled Tue 3rd Jun Early"]
[Site "chess.com INT"]
[Date "2025.06.03"]
[Round "8"]
[White "Galperin, Platon"]
[Black "Sarana, Alexey"]
[Result "1/2-1/2"]
[WhiteTitle "GM"]
[BlackTitle "GM"]
[WhiteElo "2494"]
[BlackElo "2686"]
[WhiteFideId "14165414"]
[BlackFideId "24133795"]
[EventDate "2025.06.03"]

1. c4 e6 2. g3 d5 3. Bg2 Nf6 4. Nf3 Be7 5. O-O O-O 6. d4 dxc4 7. Qc2 a6 8. a4 b6
9. Ne5 Ra7 10. Rd1 Bb7 11. e4 Nc6 12. Nxc6 Bxc6 13. Nd2 Qxd4 14. Nxc4 Bxe4 15.
Qe2 Qc5 16. Bxe4 Nxe4 17. Qxe4 Bf6 18. a5 Qb4 19. axb6 cxb6 20. Nd6 Qb3 21. Qd3
Qxd3 22. Rxd3 Rd8 23. Be3 Rad7 24. Rad1 Bxb2 25. Bxb6 Rb8 26. Nc4 Rxd3 27. Rxd3
Bf6 28. Ra3 Rc8 29. Nd2 Rc6 30. Rxa6 h5 31. Ra8+ Kh7 32. Be3 Rc7 33. h4 Be7 34.
Ne4 Kg6 35. Kg2 Kf5 36. Nd2 Kg6 37. Ra5 f6 38. Nf3 e5 39. Ra7 Bd6 40. Rxc7 Bxc7
41. Nd2 Kf5 42. Kf3 Ke6 43. Ke4 Bb8 44. Nb3 Bc7 45. Nc5+ Kf7 46. f3 Ba5 47. Bf2
Bb4 48. g4 hxg4 49. fxg4 g6 50. Kd5 Bd2 51. Ne4 Bf4 52. Be1 f5 53. Nd6+ Kg7 54.
gxf5 gxf5 55. Nxf5+ Kg6 56. Ke4 Kh5 57. Ne3 Bh6 58. Nc4 Bg7 59. Kf5 e4 60. Ne3
Bd4 61. Ng4 e3 62. Nf6+ Kh6 63. Ne4 Kh5 64. Nf6+ Kh6 65. Ng4+ Kh5 66. Nh2 e2 67.
Nf3 Bb6 68. Kf4 Bd8 69. Ke3 Kg4 70. Kxe2 Be7 71. Ke3 Bd8 72. Ke4 Bf6 73. Bf2 Bd8
74. Ne5+ Kh5 75. Nf3 Kg4 76. Ke3 Bf6 77. Ke2 Bd8 78. Ne5+ Kh5 79. Nf3 Kg4 80.
Be1 Bf6 81. Ke3 Bd8 82. Ke4 Bf6 83. Ne5+ Kh5 84. Kf5 Bxh4 85. Bd2 Bg5 86. Bc3
Bc1 87. Nf3 Kh6 88. Bf6 Kh7 89. Ne5 Bb2 90. Ng4 Bxf6 1/2-1/2

[Event "Titled Tue 3rd Jun Early"]
[Site "chess.com INT"]
[Date "2025.06.03"]
[Round "8"]
[White "Laddha, Shubh Jayesh"]
[Black "Cuellar Montes, Alejandro"]
[Result "1-0"]
[WhiteTitle "FM"]
[BlackTitle "CM"]
[WhiteElo "2303"]
[BlackElo "2173"]
[WhiteFideId "30942799"]
[BlackFideId "32096836"]
[EventDate "2025.06.03"]

1. e4 e5 2. Nf3 Nc6 3. Bb5 a6 4. Ba4 Nf6 5. d3 d6 6. c3 g6 7. O-O Bg7 8. Re1 O-O
9. h3 Nd7 10. Nbd2 Ne7 11. Nf1 h6 12. d4 f5 13. Ng3 fxe4 14. Nxe4 d5 15. Bb3 Kh8
16. Ng3 e4 17. Nh4 Nf6 18. f4 Kh7 19. Be3 Nf5 20. Nhxf5 gxf5 21. Nh5 Bh8 22. Kh2
c6 23. c4 Be6 24. Rc1 dxc4 25. Nxf6+ Qxf6 26. Bxc4 Rad8 27. Qb3 Bxc4 28. Rxc4
Rd7 29. Rd1 Rfd8 30. Rc5 Qf7 31. Qb4 Bg7 32. a3 Bf8 33. Qc3 Bxc5 34. Qxc5 Rd5
35. Qb6 Qd7 36. Rc1 Rb5 37. Qa7 Rxb2 38. Rc5 Rb5 39. Rc3 a5 40. a4 Rd5 41. Rb3
Qg7 42. Rxb7 R8d7 43. Rxd7 Qxd7 44. Qb8 Qd8 45. Qb7+ Qd7 46. Qb8 Kg7 47. Bf2 Qd8
48. Qa7+ Rd7 49. Qc5 Qc7 50. Qxf5 Re7 51. Be3 Qd6 52. Qxa5 Qd5 53. Qb4 Rd7 54.
a5 Ra7 55. Bd2 Qb5 56. Qd6 Rf7 57. Bc3 Qd5 58. Qb8 e3 59. a6 Kh7 60. a7 Rg7 61.
Qb1+ Rg6 62. Qxg6+ Kxg6 63. a8=Q e2 64. Qe8+ Qf7 65. Qxe2 Qxf4+ 66. g3 Qc1 67.
Qg4+ Kf7 68. Qf3+ Ke7 69. Qe2+ Kd8 70. Bd2 Qc2 71. Bg5+ 1-0

[Event "Titled Tue 3rd Jun Early"]
[Site "chess.com INT"]
[Date "2025.06.03"]
[Round "8"]
[White "Alonso Rosell, Alvar"]
[Black "Le, Tuan Minh"]
[Result "0-1"]
[WhiteTitle "GM"]
[BlackTitle "GM"]
[WhiteElo "2550"]
[BlackElo "2598"]
[WhiteFideId "2270544"]
[BlackFideId "12401153"]
[EventDate "2025.06.03"]

1. d4 d5 2. c4 e6 3. Nf3 h6 4. g3 Nf6 5. Bg2 Bd6 6. O-O O-O 7. Qc2 b6 8. cxd5
exd5 9. Rd1 Re8 10. Nc3 Bb7 11. Bf4 Nc6 12. Bxd6 cxd6 13. Rac1 Rc8 14. Bh3 Rc7
15. e3 Na5 16. Qa4 a6 17. Ne1 Ree7 18. Nd3 Rc4 19. b4 Nc6 20. Qb3 b5 21. a3 Rc7
22. Nb2 Ne7 23. Nxc4 dxc4 24. Qc2 d5 25. a4 Bc6 26. axb5 axb5 27. Ra1 g6 28. Ra6
Kg7 29. Rda1 h5 30. Qe2 Rb7 31. Qf3 Qd6 32. Rb1 g5 33. Bg2 Qd7 34. Rba1 Ng6 35.
Qd1 h4 36. Qc2 hxg3 37. hxg3 Ne7 38. f3 Qd6 39. Kf2 Qxb4 40. Rb1 Qd6 41. Nxb5
Qb8 42. Nc3 Rb3 43. Rxb3 cxb3 44. Qb2 Nf5 45. Ne2 Bb5 46. Qxb3 Qe8 47. Ra2 Bc4
48. Qa3 Bxa2 49. g4 Bc4 50. gxf5 Bxe2 51. Kxe2 Qc8 52. Qd3 Qc7 53. Kf2 Nh5 54.
Kg1 Qg3 55. Qe2 Qb8 56. Qd2 Ng3 57. e4 f6 58. e5 Nxf5 59. Bh3 Nh4 60. Kf2 Qb3
61. exf6+ Kxf6 62. Qe3 Qc2+ 63. Kg3 Qc7+ 64. f4 Ng6 65. Qe6+ Kg7 66. Qd7+ Qxd7
67. Bxd7 Nxf4 68. Kg4 Kf6 69. Bc6 Kg6 70. Be8+ Kf6 71. Bc6 Ng2 72. Kf3 Nh4+ 73.
Kg4 Nf5 74. Bb7 Ne7 0-1

[Event "Titled Tue 3rd Jun Early"]
[Site "chess.com INT"]
[Date "2025.06.03"]
[Round "8"]
[White "Matskevich, Varvara"]
[Black "Ugarte Soto, Cesar"]
[Result "1/2-1/2"]
[WhiteTitle "WFM"]
[BlackTitle "CM"]
[WhiteElo "1988"]
[BlackElo "2088"]
[WhiteFideId "13523465"]
[BlackFideId "3601331"]
[EventDate "2025.06.03"]

1. e4 c5 2. Nf3 d6 3. d4 cxd4 4. Nxd4 Nf6 5. Nc3 g6 6. Be2 a6 7. a4 Bg7 8. Be3
Nbd7 9. O-O Qc7 10. f3 b6 11. Nb3 Bb7 12. Nb1 Ne5 13. N1d2 O-O 14. c3 Rfd8 15.
a5 b5 16. Bb6 Qb8 17. Bxd8 Qxd8 18. Nd4 Qc7 19. Qe1 Ned7 20. N2b3 Nc5 21. Nxc5
Qxc5 22. Qf2 Qc7 23. Nc2 Rc8 24. Nb4 Nd7 25. Rfd1 Nc5 26. Ra3 e6 27. Bf1 Bf8 28.
Nc2 Nd7 29. b4 Ne5 30. Nd4 Bg7 31. h3 Nc4 32. Bxc4 Qxc4 33. Qf1 Qc7 34. Qd3 d5
35. exd5 Bxd5 36. Rc1 Qf4 37. Ne2 Qg5 38. Rd1 Bc4 39. Qd7 Rf8 40. Qd2 Qh4 41.
Nd4 Rd8 42. Qf2 Qf4 43. g3 Qd6 44. Raa1 Qe7 45. Kg2 Rd5 46. Nc6 Qb7 47. Rxd5
Bxd5 48. Nd4 g5 49. Rd1 h5 50. g4 h4 51. Nc2 Be5 52. Nd4 Bg3 53. Qe3 Bf4 54. Qe2
Qc7 55. Rd3 Bc4 56. Qc2 Bxd3 57. Qxd3 Bh2 58. Ne2 Be5 59. Qe3 Bf6 60. Qd3 Qc6
61. Qe3 Qd6 62. Nd4 Qg3+ 63. Kf1 Qxh3+ 64. Ke2 Bxd4 65. Qxd4 Qg2+ 66. Ke3 h3 67.
Qd8+ Kh7 68. Qxg5 Qg1+ 69. Kd3 Qd1+ 70. Ke4 Qe2+ 71. Kd4 Qf2+ 72. Ke5 Qxf3 73.
Qh5+ Kg8 74. Qg5+ Kf8 75. Qd8+ Kg7 76. Qg5+ Kh7 77. Qh5+ Kg7 78. Qg5+ Kh8 79.
Qh5+ Kg8 80. Qg5+ Kf8 81. Qd8+ Kg7 82. Qg5+ 1/2-1/2

[Event "Titled Tue 3rd Jun Early"]
[Site "chess.com INT"]
[Date "2025.06.03"]
[Round "8"]
[White "Vasquez Schroeder, Rodrigo"]
[Black "Salonen, Aku"]
[Result "1-0"]
[WhiteTitle "GM"]
[BlackTitle "FM"]
[WhiteElo "2446"]
[BlackElo "2314"]
[WhiteFideId "3400042"]
[BlackFideId "517577"]
[EventDate "2025.06.03"]

1. e4 c6 2. d3 d5 3. Nd2 e5 4. Ngf3 Bd6 5. g3 Nf6 6. Bg2 O-O 7. O-O Re8 8. Re1
Nbd7 9. a4 a5 10. b3 Nf8 11. Bb2 Ng6 12. d4 dxe4 13. Nxe4 Nxe4 14. Rxe4 Bf5 15.
Re1 Qc7 16. dxe5 Nxe5 17. Qd4 f6 18. Nxe5 Bxe5 19. Qc4+ Kh8 20. Bxe5 Rxe5 21.
Qc3 Rae8 22. Bf3 Qe7 23. Rxe5 Qxe5 24. Qxe5 Rxe5 25. Rc1 Kg8 26. h4 Kf7 27. c3
Rc5 28. Kf1 Be6 29. Bd1 b5 30. axb5 cxb5 31. Ke1 Ke7 32. Kd2 Kd6 33. Ra1 b4 34.
cxb4 axb4 35. Ra4 Rd5+ 36. Ke2 Bg4+ 37. f3 Bxf3+ 38. Kxf3 Rxd1 39. Rxb4 Rb1 40.
Rb7 Ke5 41. Re7+ Kf5 42. g4+ Kg6 43. Re3 h5 44. Kf4 Rf1+ 45. Rf3 Rb1 46. Rg3
hxg4 47. Rxg4+ Kh6 48. Rg3 g5+ 49. hxg5+ fxg5+ 50. Kf5 Kg7 51. Kxg5 Kf7 52. Re3
Rf1 53. b4 Rb1 54. Re4 Rb2 55. Kf4 Rb3 56. Kg4 Kf6 57. Kf4 Kf7 58. Kf5 Rb1 59.
Rd4 Rb2 60. Ke4 Ke6 61. Kd3 Rb1 62. Kc4 Ke7 63. Kb5 Ke6 64. Kb6 Ke5 65. Kc5 Rc1+
66. Rc4 Rh1 67. b5 Rh8 68. Kb4 Kd5 69. b6 Ra8 70. Kb5 Ra1 71. Rc8 Rb1+ 72. Ka6
Ra1+ 73. Kb7 Kd6 74. Rd8+ Ke7 75. Rd2 Rc1 76. Kb8 1-0

[Event "Titled Tue 3rd Jun Early"]
[Site "chess.com INT"]
[Date "2025.06.03"]
[Round "8"]
[White "Chen, Yidong"]
[Black "Dwilewicz, Katarzyna"]
[Result "0-1"]
[BlackTitle "WFM"]
[WhiteElo "2038"]
[BlackElo "2207"]
[WhiteFideId "8607028"]
[BlackFideId "1148486"]
[EventDate "2025.06.03"]

1. e4 c5 2. Nf3 e6 3. d4 cxd4 4. Nxd4 Nc6 5. Nc3 Qc7 6. Be3 a6 7. Qf3 Nf6 8.
O-O-O Ne5 9. Qg3 b5 10. f4 Neg4 11. Bg1 b4 12. Na4 h5 13. e5 Nd5 14. h3 Nh6 15.
f5 h4 16. Qe1 Bb7 17. Bd3 Be7 18. Kb1 Rc8 19. Bf2 Nxf5 20. Nxf5 exf5 21. Bxf5 g6
22. Be4 Nf4 23. Rg1 Bxe4 24. Qxe4 Qc6 25. Qxc6 Rxc6 26. Nb6 d6 27. exd6 Rxd6 28.
Rde1 Re6 29. Be3 g5 30. Bxf4 gxf4 31. Nd5 Bd6 32. Kc1 Kd7 33. Kd2 Rg8 34. Re2 f3
35. Rxe6 fxe6 36. Nf6+ Kc6 37. Nxg8 Bh2 38. gxf3 Bxg1 39. Ne7+ Kd7 40. Ng6 Bf2
41. Ne5+ Kd6 42. Ng4 Bg3 43. Kd3 Kd5 44. Nf6+ Ke5 45. Ng4+ Kd6 46. Ke4 a5 47.
Nh6 a4 48. Nf7+ Ke7 49. Ne5 Kd6 50. Nc4+ Kc5 51. Nd2 Be1 52. Nf1 Bf2 53. Ne3 Bg3
54. Ng4 Kc4 55. Nf6 Kc5 56. Nd7+ Kc4 57. Nf8 Kb5 58. Nxe6 a3 59. bxa3 bxa3 60.
f4 Kc4 61. f5 Bd6 62. f6 Kc3 63. Nd4 Bc5 64. f7 Kb2 65. Ne6 Be7 66. Kd3 Kxa2 67.
f8=Q Bxf8 68. Nxf8 Kb1 69. Nd7 a2 70. Nc5 a1=Q 71. Nb3 Qa3 72. Kd4 Kb2 0-1

[Event "Titled Tue 3rd Jun Early"]
[Site "chess.com INT"]
[Date "2025.06.03"]
[Round "8"]
[White "Kleimenov, Nikolay"]
[Black "Pribelszky, Bence"]
[Result "0-1"]
[WhiteTitle "CM"]
[BlackTitle "IM"]
[WhiteElo "2198"]
[BlackElo "2400"]
[WhiteFideId "34414223"]
[BlackFideId "769738"]
[EventDate "2025.06.03"]

1. e4 e5 2. Nf3 Nc6 3. Bc4 Nf6 4. d3 Be7 5. O-O O-O 6. Re1 d6 7. a4 Na5 8. Ba2
c5 9. Nc3 Be6 10. Nd5 Nxd5 11. exd5 Bd7 12. Bd2 f5 13. Nxe5 Be8 14. Nf3 Bf6 15.
Rb1 Bh5 16. Qe2 b6 17. Qe6+ Kh8 18. Bf4 Bxf3 19. gxf3 Nb7 20. Bg3 Bg5 21. Bc4 f4
22. h4 Bh6 23. Bh2 Qxh4 24. Qd7 Nd8 25. Qxd6 Nf7 26. Qe6 Ng5 27. Qg4 Qxg4+ 28.
fxg4 Nf3+ 29. Kg2 Nxe1+ 30. Rxe1 Rae8 31. Re4 g5 32. Kf3 Bg7 33. c3 Rxe4 34.
Kxe4 Re8+ 35. Kf3 Be5 36. Bb5 Re7 37. Bg1 Bd6 38. b3 Kg7 39. Kg2 Re2 40. d4 Rc2
41. dxc5 Bxc5 42. c4 Kf6 43. Bd7 h6 44. Kf1 Rc1+ 45. Kg2 Ke5 46. Bf5 Rc3 47. Be6
Rxb3 48. Bf7 Rc3 49. Kf1 Rc1+ 50. Kg2 Rc2 51. Be8 Rxc4 52. Bb5 Rc2 53. Bc6 Ra2
54. Kf3 Ra3+ 55. Kg2 a6 56. Kf1 Ra1+ 57. Kg2 Ra3 58. Kf1 Rb3 59. Ke2 Rb1 60. Bh2
Rb2+ 61. Kd3 Rxf2 62. Bg1 Rf3+ 63. Ke2 Rg3 64. Bxc5 bxc5 65. Kf2 Rxg4 66. Kf3
Rg3+ 67. Kf2 Kd6 68. Bb7 a5 69. Bc6 Re3 70. Kg2 Re5 71. Kf3 Rxd5 72. Kg4 Rd4 73.
Kh5 Rb4 74. Kxh6 c4 75. Kxg5 c3 76. Be4 c2 77. Bxc2 f3 78. Bd3 f2 79. Bf5 f1=Q
80. Bh3 Qg1+ 81. Kf6 Qd4+ 82. Kg6 Ke7 83. Bf5 Qf6+ 84. Kh7 Rh4+ 85. Kg8 Rh8# 0-1

[Event "Titled Tue 3rd Jun Early"]
[Site "chess.com INT"]
[Date "2025.06.03"]
[Round "8"]
[White "Manukian, Artak"]
[Black "Carlsson, Ludvig"]
[Result "1/2-1/2"]
[BlackTitle "IM"]
[WhiteElo "2104"]
[BlackElo "2374"]
[WhiteFideId "13301373"]
[BlackFideId "1727010"]
[EventDate "2025.06.03"]

1. e4 e5 2. Nf3 Nf6 3. Nxe5 d6 4. Nf3 Nxe4 5. Nc3 Nf6 6. d4 Be7 7. Bd3 O-O 8.
O-O Nc6 9. d5 Nb4 10. Bc4 Bg4 11. a3 Bxf3 12. gxf3 Na6 13. Kh1 Kh8 14. Rg1 Nc5
15. Be3 Ncd7 16. Bd4 Rg8 17. Qd3 Ne5 18. Bxe5 dxe5 19. Qf5 Bd6 20. Ne4 Nxe4 21.
fxe4 Qh4 22. Rg4 Qh6 23. Rag1 Raf8 24. Qg5 Qxg5 25. Rxg5 f6 26. R5g2 Rf7 27. b4
Ra8 28. c3 a5 29. f3 axb4 30. axb4 Ra3 31. Rc2 Rf8 32. Kg2 Rfa8 33. Kf2 Kg8 34.
Ke2 Kf7 35. Kd3 g6 36. Rgg2 Ke7 37. Ra2 Bxb4 38. Rxa3 Rxa3 39. Rc2 b6 40. Kd2
Bc5 41. Ra2 Rxa2+ 42. Bxa2 Bg1 43. h3 Kd6 44. Kd3 Kc5 45. Bb3 Bf2 46. Ba4 f5 47.
Be8 f4 48. Bf7 Be1 49. Bg8 h6 50. Bh7 g5 51. Bg6 Kb5 52. Be8+ Kc5 53. Bd7 Bf2
54. Be8 Kd6 55. Bb5 Kc5 56. Be8 b5 57. Bd7 Kb6 58. Kc2 Be1 59. Kb3 Kc5 60. Be8
b4 61. cxb4+ Bxb4 62. Bh5 Ba5 63. Kc2 Kd4 64. Kb3 Ke3 65. Ka4 Bc3 66. Kb5 Bb2
67. Kc6 Kf2 68. Kxc7 Kg3 69. d6 Bc3 70. d7 Ba5+ 71. Kd6 Kxh3 72. Kxe5 Kh4 73.
Bf7 g4 74. fxg4 f3 75. Bc4 Kxg4 76. Kd6 Bd8 77. e5 Kf5 78. e6 Kf6 79. Bf1 h5 80.
Kd5 Kf5 81. Bh3+ Kg5 82. Kd6 Kf6 83. Bf1 h4 84. Bh3 f2 85. Kd5 Be7 86. Kc6 f1=Q
87. Bxf1 Kxe6 88. Bh3+ Ke5 89. Kc7 Kf4 90. d8=Q Bxd8+ 91. Kxd8 Kg3 92. Bd7 Kf2
93. Ke7 Kg3 94. Kf6 Kf4 95. Kg6 Kf3 96. Kh5 Kg3 97. Kg5 h3 98. Bxh3 1/2-1/2

[Event "Titled Tue 3rd Jun Early"]
[Site "chess.com INT"]
[Date "2025.06.03"]
[Round "8"]
[White "Wu, Derek"]
[Black "Barwinska, Ewa"]
[Result "1/2-1/2"]
[WhiteTitle "FM"]
[BlackTitle "WFM"]
[WhiteElo "2232"]
[BlackElo "2014"]
[WhiteFideId "30914558"]
[BlackFideId "21833761"]
[EventDate "2025.06.03"]

1. d4 d5 2. Nc3 Nf6 3. Bf4 e6 4. Nb5 Na6 5. e3 Be7 6. Nf3 O-O 7. Ne5 c6 8. Nc3
c5 9. Bxa6 bxa6 10. O-O Bd7 11. e4 Rc8 12. exd5 Nxd5 13. Nxd5 exd5 14. dxc5 Rxc5
15. Be3 Rb5 16. c4 Rxb2 17. cxd5 Bb5 18. Re1 Bf6 19. a4 Bxe5 20. axb5 Rxb5 21.
Rxa6 Rxd5 22. Qa4 Bc3 23. Rf1 Bd4 24. Bxd4 Rxd4 25. Qa1 Re8 26. Rxa7 h6 27. Qa2
Rd7 28. Ra6 Rd6 29. Ra5 Rd1 30. g3 Rxf1+ 31. Kxf1 Qd1+ 32. Kg2 Qd3 33. Qa4 Qe4+
34. Qxe4 Rxe4 35. Ra8+ Kh7 36. Kf3 Re6 37. Ra7 Rf6+ 38. Ke3 Kg6 39. f4 Kh7 40.
Kf3 Kg6 41. Kg4 Kh7 42. h4 Rg6+ 43. Kf3 Rf6 44. Ke4 Kg8 45. g4 Re6+ 46. Kd5 Rb6
47. g5 hxg5 48. hxg5 Rb5+ 49. Ke4 Rb4+ 50. Kf5 Rb5+ 51. Kg4 Rb6 52. Ra8+ Kh7 53.
Kh5 Rb5 54. Rf8 g6+ 55. Kg4 Kg7 56. Re8 Rf5 57. Kf3 Rb5 58. Re3 Ra5 59. Rd3 Rb5
60. Kg4 Ra5 61. Re3 Rb5 62. Ra3 Rc5 63. Rb3 Ra5 64. Rb4 Rd5 65. Rb8 Ra5 66. Rb1
Rc5 67. Ra1 Rb5 68. Rc1 Rd5 69. Rf1 Ra5 70. Rh1 Rb5 71. Rc1 Ra5 72. Rb1 Rd5 73.
Rb2 Rc5 74. Ra2 Rb5 75. Ra3 Rc5 76. Rb3 Ra5 77. Rb4 Rd5 78. Rb8 Ra5 79. Rc8 Rb5
80. Rd8 Ra5 81. Rd1 Rb5 82. Ra1 Rc5 83. Rb1 Ra5 84. Rc1 Rb5 85. Rd1 Ra5 86. Rb1 1/2-1/2

[Event "Titled Tue 3rd Jun Early"]
[Site "chess.com INT"]
[Date "2025.06.03"]
[Round "8"]
[White "Bozorov, Javohir"]
[Black "Nguyen Quang Anh"]
[Result "1-0"]
[WhiteTitle "FM"]
[BlackTitle "CM"]
[WhiteElo "2093"]
[BlackElo "2052"]
[WhiteFideId "14216957"]
[BlackFideId "12432377"]
[EventDate "2025.06.03"]

1. d4 c5 2. d5 e6 3. e4 Nf6 4. Nc3 d6 5. a4 Be7 6. Bc4 exd5 7. exd5 O-O 8. Nge2
Bg4 9. O-O Nbd7 10. Bf4 Re8 11. f3 Bh5 12. a5 Bf8 13. Kh1 Bg6 14. Bd3 Ne5 15.
Bxe5 Rxe5 16. Nf4 Qd7 17. Ra4 Rae8 18. b3 Bxd3 19. Nxd3 Rf5 20. Nf2 Rh5 21. Nfe4
Nxe4 22. Rxe4 Rxe4 23. Nxe4 Re5 24. Qd3 f5 25. Nd2 Qe8 26. Nc4 Re1 27. Kg1 g6
28. Kf2 Rxf1+ 29. Kxf1 Kf7 30. Kf2 Qe7 31. Qe3 Qh4+ 32. Kg1 Qf6 33. Kf2 Qh4+ 34.
Kf1 Qf6 35. Ke2 g5 36. Kd3 Bg7 37. Kd2 g4 38. f4 Bf8 39. g3 h5 40. Qd3 Bg7 41.
c3 Bf8 42. Ne3 Kg6 43. Qb5 Bg7 44. Qe8+ Kh6 45. Qe6 Kg6 46. Kd3 Bf8 47. Qg8+ Bg7
48. Qe8+ Kh6 49. Qe6 Kg6 50. Kc4 Bf8 51. Qg8+ Bg7 52. Qe8+ Kh7 53. Qxh5+ Kg8 54.
Qe8+ Kh7 55. Qh5+ Kg8 56. Nd1 b5+ 57. axb6 axb6 58. Qe8+ Kh7 59. Qe6 Qd8 60.
Qxf5+ Kh8 61. Kd3 b5 62. Ne3 c4+ 63. bxc4 bxc4+ 64. Nxc4 Qc7 65. Qe6 Qc5 66.
Qe8+ Kh7 67. Qh5+ Kg8 68. Qxg4 Kf7 69. Qe6+ Kf8 70. Qxd6+ Qxd6 71. Nxd6 Ke7 1-0

[Event "Titled Tue 3rd Jun Early"]
[Site "chess.com INT"]
[Date "2025.06.03"]
[Round "8"]
[White "Golsta, Madara"]
[Black "Murawski, Jan"]
[Result "1-0"]
[BlackTitle "CM"]
[WhiteElo "1999"]
[BlackElo "2191"]
[WhiteFideId "11607386"]
[BlackFideId "21009287"]
[EventDate "2025.06.03"]

1. d4 Nf6 2. c4 a6 3. g3 b5 4. cxb5 axb5 5. Bg2 Ra7 6. e4 Bb7 7. Nd2 e6 8. Ne2
Bb4 9. Qc2 O-O 10. O-O d6 11. a3 Nbd7 12. Rb1 Bxd2 13. Bxd2 c5 14. dxc5 Nxc5 15.
Nc3 Qb6 16. h3 Rc8 17. Be3 Raa8 18. b4 Rxa3 19. bxc5 dxc5 20. Nxb5 Ra5 21. Nc3
Qa6 22. Rfd1 h6 23. Bf1 Qa8 24. Bg2 c4 25. Bd4 Ne8 26. Nb5 Bc6 27. Nc3 e5 28.
Bb6 Ra6 29. Nd5 Bxd5 30. Rxd5 Rb8 31. Rdb5 Qc6 32. Rc5 Qd6 33. Bc7 Nxc7 34.
Rxb8+ Kh7 35. Rxc4 Ne6 36. Rcc8 Ra1+ 37. Kh2 Kg6 38. Qe2 h5 39. Rh8 Kf6 40. Qxh5
Qd2 41. Qh4+ g5 42. Rh6+ Ke7 43. Qh5 Kd6 44. Rxe6+ Kxe6 45. Qxg5 f6 46. Qg8+ Kd6
47. Qe8 Kc5 48. Qc8+ Kd4 49. Qd7+ Kc3 50. Qxd2+ Kxd2 51. Rd8+ Ke2 52. Rf8 Kxf2
53. Rxf6+ Ke3 54. Rf5 Ra5 55. Rg5 Rc5 56. h4 Ra5 57. h5 Rc5 58. h6 Rc6 59. Rh5
Rc8 60. h7 Rh8 61. g4 Kf4 62. g5 Kg4 63. Bf3+ Kxf3 64. g6 Ra8 65. g7 Ra2+ 66.
Kh3 Ra1 67. Rf5+ Kxe4 68. Rg5 Kf3 69. Rg3+ Kf4 70. h8=Q Rh1+ 71. Kg2 Rg1+ 72.
Kxg1 Kxg3 73. Kf1 Kf4 74. g8=Q Ke4 75. Qg2+ Kd4 76. Qd5+ Ke3 77. Qhd8 Kf4 78.
Qxe5+ Kxe5 79. Qc7+ Kf5 80. Qc2+ Kg4 81. Qd2 Kh5 82. Qe2+ Kg6 83. Qg2+ Kf7 84.
Qf3+ Kg7 85. Qg4+ Kh7 86. Kf2 Kh8 87. Kf3 Kh7 88. Kf4 Kh8 89. Kf5 Kh7 90. Kf6
Kh8 91. Qg7# 1-0

[Event "Titled Tue 3rd Jun Early"]
[Site "chess.com INT"]
[Date "2025.06.03"]
[Round "8"]
[White "Klukin, Kirill"]
[Black "Tang, Andrew"]
[Result "1/2-1/2"]
[WhiteTitle "IM"]
[BlackTitle "GM"]
[WhiteElo "2407"]
[BlackElo "2529"]
[WhiteFideId "24199273"]
[BlackFideId "2059630"]
[EventDate "2025.06.03"]

1. d4 d5 2. c4 e6 3. Nc3 Be7 4. Nf3 Nf6 5. cxd5 exd5 6. Bg5 c6 7. Qc2 g6 8. e3
Bf5 9. Bd3 Bxd3 10. Qxd3 Nbd7 11. O-O O-O 12. h3 Re8 13. Rab1 a5 14. Bf4 Bf8 15.
a4 Ne4 16. b3 Bb4 17. Ne2 Nf8 18. Rbd1 Ne6 19. Bh2 Qe7 20. Ne5 Rad8 21. Ng3 f6
22. Nf3 Qf7 23. Qc2 Nd6 24. Ne1 Ng5 25. Nd3 Nde4 26. Ne2 Qe7 27. Bf4 Ne6 28. Bh2
Kg7 29. f3 Nd6 30. Bg3 Ng5 31. Bf2 Nf5 32. Nxb4 Nxe3 33. Nxc6 bxc6 34. Bxe3
Qxe3+ 35. Rf2 Rc8 36. Rd3 Qe7 37. Rc3 Qd6 38. Qd2 Ne6 39. Rf1 c5 40. dxc5 Rxc5
41. Rfc1 Rd8 42. Rxc5 Nxc5 43. Nd4 Re8 44. Qxa5 Nd7 45. Qc7 Qe7 46. Kh1 Kg8 47.
Qc6 Ne5 48. Qxd5+ Kg7 49. Nc6 Qc7 50. b4 Nf7 51. b5 Re2 52. Qc4 Rd2 53. Qc3 Qd6
54. b6 Rd3 55. Qc2 Rd2 56. Qc4 Ng5 57. Nd4 Rxd4 58. Qc7+ Nf7 59. Qxd6 Nxd6 60.
Rc7+ Kh6 61. Rd7 Rxa4 62. Rxd6 Rb4 63. Kh2 Kg5 64. Kg3 f5 65. h4+ Kh5 66. Rc6 h6
67. Kh3 f4 68. Rc5+ g5 69. hxg5 hxg5 70. Rc6 Rb1 71. Kh2 g4 72. Rc5+ Kh4 73.
fxg4 Rb2 74. Rf5 Kxg4 75. Rf6 Kg5 76. Rf8 Kg4 77. Rg8+ Kf5 78. Rf8+ Ke4 79. Rf6
Ke5 80. Rf8 Rxb6 81. Kh3 Rg6 82. Re8+ Kd4 83. Kh2 Kd3 84. Kg1 f3 85. Kf2 fxg2
86. Kg1 Kd2 87. Re7 Kd3 88. Re5 Rg7 89. Re6 Kd4 90. Re2 Kd3 91. Rxg2 Rxg2+ 92.
Kxg2 1/2-1/2